Technologies of choice?: ICT's, development, and the capabilities approach

Salvato in:
Dettagli Bibliografici
Autore principale: Kleine, Dorothea (Autore)
Natura: Libro
Lingua:inglese
Pubblicazione: Cambridge The MIT Press 2013
Edizione:1a. ed
Soggetti:
Tags: Aggiungi Tag
Nessun Tag, puoi essere il primo ad aggiungerne!!

MARC

LEADER 00000cam a2200000 a 4500
001 UCE7445
003 CL-VaPUC
008 150612e20130000us |||||||||||||||||eng|d
020 |a 9780262018203 
082 0 4 |a 303.483300983  |b KLE  |2 21 
100 0 |a Kleine, Dorothea  |e author  |9 580121 
245 1 0 |a Technologies of choice?: ICT's, development, and the capabilities approach 
250 |a 1a. ed 
300 |a 267 p 
942 |c BK 
945 |d 20150612 13:50:00  |a dcastane 
260 |a Cambridge  |b The MIT Press  |c 2013 
650 0 |a TICs (Tecnologías de la Información y la Comunicación)  |9 562522 
650 0 |a Tecnología de la información   |9 254825 
583 |a last modification  |c 20160914 01:06:41  |k Rodrigo Vera 
999 |c 359540  |d 359538 
952 |0 0  |1 0  |3 erd  |4 0  |6 303_483300983000000_KLE_2013  |7 0  |8 A  |9 468772  |a BIBCUR  |b BIBCUR  |i 5162815  |o 303.483300983 KLE 2013  |p 5162815  |r 2025-04-22  |w 2019-11-23  |y BK  |z Catalogado en:20150612  |k PER